[Event "61.C.to Italiano Semifinale"]
[Site "Limone piemonte ITA"]
[Date "2001.06.27"]
[Round "4.11"]
[White "Stroppa, Daniel"]
[Black "Astengo, Marcello"]
[Result "1-0"]
[WhiteElo "2161"]
[BlackElo "2024"]
[Annotator "Gabriele Ballarin"]
[PlyCount "80"]
[EventDate "2001.06.24"]
[EventType "swiss"]
[EventRounds "8"]
[EventCountry "ITA"]

{[%evp 0,79,20,19,32,31,78,42,47,47,36,36,126,98,138,33,56,68,113,116,111,53,88,85,141,67,148,85,131,122,133,79,79,72,72,44,84,84,89,120,120,120,192,134,190,175,185,230,222,254,254,243,274,267,253,230,231,231,247,247,241,268,293,224,233,187,208,194,221,194,271,187,186,123,159,132,152,174,191,224,209,232]} 1. d4 d5 2. Nf3 c5 3. dxc5 e6 4. e4 Nf6 5. Nc3 Qa5 6. Bd2 Qxc5 7. Be3 Qa5 8. Bd2 Qc5 9. exd5 Nxd5 10. Ne4 Qc7 11. c4 Nf4 12. Bc3 Nc6 13. g3 Ng6 14. c5 f6 15. Bg2 e5 16. O-O Be6 17. b4 Bc4 18. Re1 Be7 19. Nd6+ Bxd6 20. cxd6 Qb6 21. Nd2 Be6 22. Ne4 O-O 23. Nc5 Nd8 24. Nxe6 Nxe6 25. Qd5 Rfe8 26. Rad1 Ngf8 27. Qxb7 Qxb7 28. Bxb7 Rab8 29. Bc6 Red8 30. b5 Nd7 31. Ba5 Nb6 32. d7 Kf7 33. Bb4 Nd4 34. Bd6 Nxd7 35. Bxb8 Nxb8 36. Kg2 a6 37. a4 Ndxc6 38. bxc6 Nxc6 39. Rxd8 Nxd8 40. Rb1 Ke7 $138 1-0

[Event "61.C.to Italiano Semifinale"]
[Site "Limone piemonte ITA"]
[Date "2001.07.01"]
[Round "8.15"]
[White "Astengo, Marcello"]
[Black "Gardon, Ermanno"]
[Result "1-0"]
[WhiteElo "2024"]
[BlackElo "2082"]
[Annotator "Gabriele Ballarin"]
[PlyCount "80"]
[EventDate "2001.06.24"]
[EventType "swiss"]
[EventRounds "8"]
[EventCountry "ITA"]

{[%evp 0,79,29,27,27,-23,1,8,37,62,66,63,107,96,99,42,58,11,13,-4,-3,-3,-1,4,5,-11,-4,-17,-37,-71,-32,-59,-35,-60,0,-25,21,52,52,59,84,97,107,107,124,91,87,36,29,-27,-13,-20,17,-78,-108,-109,-103,-103,-63,-115,-46,-129,-66,-170,-197,-197,-86,-281,-98,-159,-159,-172,-180,-243,-206,-340,-313,-507,-538,-631,-482,-482]} 1. d4 Nf6 2. c4 c5 3. d5 b5 4. cxb5 a6 5. bxa6 g6 6. Nc3 Bxa6 7. g3 Bg7 8. Bg2 d6 9. Nh3 Nbd7 10. O-O O-O 11. Qc2 Qb6 12. Ng5 h6 13. Nh3 Rfb8 14. Kh1 Qb4 15. Re1 Ne5 16. f4 Nc4 17. Nf2 Bc8 18. Nd3 Qa5 19. e4 Ne8 20. e5 Bf5 21. Be4 Bxe4+ 22. Rxe4 Qa6 23. g4 Nc7 24. exd6 exd6 25. Re7 Nb5 26. g5 Nd4 27. Qg2 Nf5 28. Re1 Na3 29. Rd1 Re8 30. Ne4 Nh4 31. Qf2 Rxe4 32. Qxh4 h5 33. Nf2 Rd4 34. Be3 Rxd1+ 35. Rxd1 Qe2 36. Qg3 Nc4 37. Bc1 Bd4 38. Rg1 Bxf2 39. Qg2 Rxa2 40. Rf1 Ra1 $138 1-0

[Event "8. Autunno Veneziano Magistrale"]
[Site "Venezia"]
[Date "2001.11.01"]
[Round "1.1"]
[White "Artizzu, Giulio"]
[Black "Drazic, Sinisa"]
[Result "1-0"]
[WhiteElo "2105"]
[BlackElo "2470"]
[PlyCount "93"]
[EventDate "2001.11.01"]
[EventType "swiss"]
[EventRounds "6"]
[EventCountry "ITA"]
[SourceTitle "Inf 22"]

1. e4 c5 2. Nf3 g6 3. d4 Bg7 4. d5 d6 5. Bd3 Nf6 6. O-O O-O 7. Re1 e5 8. a3 Nh5 9. c4 h6 10. Nc3 Nd7 11. b4 b6 12. Rb1 Nf4 13. Bf1 Nf6 14. bxc5 bxc5 15. Bxf4 exf4 16. e5 Ng4 17. Qd2 Nxe5 18. Qxf4 g5 19. Qe3 Bf5 20. Nxe5 Bxe5 21. Ne4 Re8 22. Qf3 Bxe4 23. Rxe4 Rb8 24. Rxb8 Qxb8 25. h4 Qb1 26. g3 Qc1 27. Kg2 Rb8 28. Bd3 Kf8 29. Rxe5 dxe5 30. Qf6 Qb2 31. Qxh6+ Ke8 32. Qc6+ Kf8 33. Qh6+ Ke8 34. d6 e4 35. Bxe4 Rb6 36. Bf5 Qd4 37. d7+ Ke7 38. Qxg5+ Rf6 39. h5 Qe5 40. g4 Qb8 41. Qe3+ Kf8 42. Qxc5+ Kg7 43. Qc8 Qe5 44. d8=Q Kh6 45. Qd2+ Kg7 46. Qg5+ Rg6 47. h6+ 1-0

[Event "8. Autunno Veneziano Magistrale"]
[Site "Venezia"]
[Date "2001.11.01"]
[Round "1.2"]
[White "Klovans, Janis"]
[Black "Zotti, Enrico"]
[Result "1-0"]
[WhiteElo "2420"]
[BlackElo "2080"]
[PlyCount "35"]
[EventDate "2001.11.01"]
[EventType "swiss"]
[EventRounds "6"]
[EventCountry "ITA"]
[SourceTitle "Inf 22"]

1. e4 c5 2. Nf3 d6 3. d4 cxd4 4. Nxd4 Nf6 5. Nc3 a6 6. Be2 e5 7. Nb3 Be7 8. Be3 Be6 9. Nd5 Nxe4 10. Bb6 Qd7 11. Nc7+ Kf8 12. Nxa8 Bd8 13. Bf3 f5 14. Bxe4 fxe4 15. Nc5 dxc5 16. Bxd8 Kf7 17. Bh4 Re8 18. Qxd7+ 1-0

[Event "8. Autunno Veneziano Magistrale"]
[Site "Venezia"]
[Date "2001.11.01"]
[Round "1.3"]
[White "Scharrer, Patrick"]
[Black "Mufic, Goran"]
[Result "0-1"]
[WhiteElo "2080"]
[BlackElo "2370"]
[PlyCount "60"]
[EventDate "2001.11.01"]
[EventType "swiss"]
[EventRounds "6"]
[EventCountry "ITA"]
[SourceTitle "Inf 22"]

1. e4 c5 2. Nf3 Nc6 3. d4 cxd4 4. Nxd4 g6 5. Be3 Nf6 6. Nc3 Bg7 7. Bc4 Qa5 8. O-O O-O 9. Bb3 d6 10. h3 Bd7 11. f4 Nxd4 12. Bxd4 Bc6 13. Qd3 Rad8 14. Rad1 Nd7 15. Bxg7 Kxg7 16. Nd5 e6 17. Qd4+ e5 18. Qf2 Qc5 19. f5 gxf5 20. exf5 Nf6 21. Qxc5 dxc5 22. c4 Bxd5 23. cxd5 b5 24. Rfe1 c4 25. Bc2 Nxd5 26. Rxe5 Nb4 27. Rxd8 Rxd8 28. Be4 a6 29. Bb7 Rd7 30. Be4 Nxa2 0-1

[Event "8. Autunno Veneziano Magistrale"]
[Site "Venezia"]
[Date "2001.11.01"]
[Round "1.4"]
[White "Genocchio, Daniele"]
[Black "Sikanjic, Bojan"]
[Result "1/2-1/2"]
[WhiteElo "2325"]
[BlackElo "2070"]
[PlyCount "49"]
[EventDate "2001.11.01"]
[EventType "swiss"]
[EventRounds "6"]
[EventCountry "ITA"]
[SourceTitle "Inf 22"]

1. Nf3 Nf6 2. g3 g6 3. Bg2 Bg7 4. O-O O-O 5. c4 c6 6. d4 d6 7. Nc3 Qa5 8. h3 Be6 9. Nd2 Qa6 10. b3 d5 11. c5 Qa5 12. Bb2 b6 13. Na4 Nbd7 14. Rc1 Rac8 15. Kh2 Rfd8 16. Bc3 Qa6 17. cxb6 axb6 18. Bb4 Re8 19. e4 dxe4 20. Nxe4 Nd5 21. Bd2 Bxd4 22. Bh6 Be5 23. Ng5 Bf5 24. Bxd5 cxd5 25. Qxd5 1/2-1/2

[Event "8. Autunno Veneziano Magistrale"]
[Site "Venezia"]
[Date "2001.11.01"]
[Round "1.5"]
[White "Ruzzier, Dario"]
[Black "Doric, Darko"]
[Result "0-1"]
[WhiteElo "1900"]
[BlackElo "2250"]
[PlyCount "34"]
[EventDate "2001.11.01"]
[EventType "swiss"]
[EventRounds "6"]
[EventCountry "ITA"]
[SourceTitle "Inf 22"]

1. d4 d5 2. c4 e6 3. Nc3 Nf6 4. Bg5 Nbd7 5. e3 c6 6. Nf3 Qa5 7. Nd2 Bb4 8. Qc2 O-O 9. Be2 c5 10. O-O cxd4 11. Nb3 Qc7 12. Nb5 Qb6 13. a3 Bd6 14. Nxd6 Qxd6 15. Nxd4 dxc4 16. Bxc4 Qc5 17. Rac1 Qxg5 0-1

[Event "8. Autunno Veneziano Magistrale"]
[Site "Venezia"]
[Date "2001.11.01"]
[Round "1.6"]
[White "Rossato, Armando"]
[Black "Solinas, Carlo"]
[Result "0-1"]
[WhiteElo "2115"]
[BlackElo "2025"]
[PlyCount "56"]
[EventDate "2001.11.01"]
[EventType "swiss"]
[EventRounds "6"]
[EventCountry "ITA"]
[SourceTitle "Inf 22"]

1. d4 Nf6 2. Nc3 g6 3. e4 d6 4. Bg5 Bg7 5. h3 c6 6. a4 Qa5 7. Bd2 Qc7 8. Nf3 Nbd7 9. Bd3 e5 10. dxe5 dxe5 11. b4 O-O 12. Qe2 Re8 13. O-O Nh5 14. Bc4 Nf4 15. Bxf4 exf4 16. Bxf7+ Kxf7 17. Qc4+ Kf8 18. Ng5 Nf6 19. Nb5 Qe7 20. Nd6 Be6 21. Qd3 Red8 22. e5 Nd7 23. Nxe6+ Qxe6 24. Nxb7 Rdb8 25. Qa6 f3 26. Rfe1 fxg2 27. Re3 Kg8 28. Rd1 Nxe5 0-1

[Event "8. Autunno Veneziano Magistrale"]
[Site "Venezia"]
[Date "2001.11.01"]
[Round "1.7"]
[White "Zanin, Dario"]
[Black "Del Monaco, Andrea"]
[Result "1/2-1/2"]
[WhiteElo "2025"]
[BlackElo "2175"]
[PlyCount "54"]
[EventDate "2001.11.01"]
[EventType "swiss"]
[EventRounds "6"]
[EventCountry "ITA"]
[SourceTitle "Inf 22"]

1. e4 e6 2. d4 d5 3. exd5 exd5 4. Bd3 Nc6 5. Ne2 Bd6 6. c3 Qh4 7. Be3 Nf6 8. Nd2 Ng4 9. Nf3 Nxe3 10. Nxh4 Nxd1 11. Rxd1 Ne7 12. O-O g5 13. Nf3 f6 14. Nd2 h5 15. c4 c6 16. Rfe1 Kf7 17. cxd5 cxd5 18. Nc3 Bg4 19. f3 Be6 20. Re2 f5 21. Nb5 Bb8 22. Rde1 Rh6 23. Nb3 b6 24. Rc2 a6 25. Nc7 Ra7 26. Nxe6 Rxe6 27. Rxe6 Kxe6 1/2-1/2

[Event "8. Autunno Veneziano Magistrale"]
[Site "Venezia"]
[Date "2001.11.01"]
[Round "1.8"]
[White "Navarro, Stefano"]
[Black "Faccia, Sergio"]
[Result "1/2-1/2"]
[WhiteElo "2170"]
[BlackElo "2025"]
[PlyCount "59"]
[EventDate "2001.11.01"]
[EventType "swiss"]
[EventRounds "6"]
[EventCountry "ITA"]
[SourceTitle "Inf 22"]

1. e4 e5 2. Nf3 Nc6 3. Bc4 Nf6 4. d3 Bc5 5. Bg5 h6 6. Bh4 d6 7. c3 a5 8. O-O O-O 9. d4 Bb6 10. d5 Nb8 11. Nbd2 Bg4 12. h3 Bh5 13. Be2 Nbd7 14. Nh2 Bxe2 15. Qxe2 Qe8 16. Ng4 Nxg4 17. hxg4 f6 18. Rfe1 a4 19. Nf1 Nc5 20. Rab1 Qd7 21. Qf3 Qb5 22. Bg3 a3 23. b4 Na4 24. Nd2 Nb2 25. Qe2 Qxe2 26. Rxe2 c6 27. dxc6 bxc6 28. Kf1 d5 29. f3 Rfd8 30. Nb3 1/2-1/2

[Event "8. Autunno Veneziano Magistrale"]
[Site "Venezia"]
[Date "2001.11.01"]
[Round "1.9"]
[White "Forato, Piero"]
[Black "Gallo, Enrico"]
[Result "0-1"]
[WhiteElo "2015"]
[BlackElo "2160"]
[PlyCount "46"]
[EventDate "2001.11.01"]
[EventType "swiss"]
[EventRounds "6"]
[EventCountry "ITA"]
[SourceTitle "Inf 22"]

1. e4 c5 2. Nf3 d6 3. d4 cxd4 4. Nxd4 Nf6 5. Nc3 g6 6. Be3 Bg7 7. f3 O-O 8. Bc4 a6 9. Qd2 b5 10. Bb3 Bb7 11. g4 b4 12. Nd5 Nxd5 13. exd5 a5 14. Bh6 e5 15. Bxg7 Kxg7 16. Ne2 Qh4+ 17. Kd1 Nd7 18. a4 Nc5 19. Rc1 Qf2 20. f4 Qf3 21. Rg1 Ne4 22. Qe1 Nf2+ 23. Kd2 exf4 0-1

[Event "8. Autunno Veneziano Magistrale"]
[Site "Venezia"]
[Date "2001.11.01"]
[Round "1.10"]
[White "Vianello, Enrico"]
[Black "Rigo, Gianfrancesco"]
[Result "1-0"]
[WhiteElo "2140"]
[BlackElo "2013"]
[PlyCount "83"]
[EventDate "2001.11.01"]
[EventType "swiss"]
[EventRounds "6"]
[EventCountry "ITA"]

1. d4 Nf6 2. Bg5 Ne4 3. Bf4 c5 4. f3 Nf6 5. d5 d6 6. c4 g6 7. e4 Bg7 8. Nc3 O-O 9. Bd3 Na6 10. Rc1 e6 11. Nge2 exd5 12. cxd5 Nb4 13. Bb1 Nh5 14. Be3 Qh4+ 15. Bf2 Qg5 16. O-O Bh3 17. Ng3 Nf4 18. gxh3 Nxh3+ 19. Kh1 Nxf2+ 20. Rxf2 Qe3 21. Qf1 c4 22. Re1 Qc5 23. a3 Na6 24. Rc2 b5 25. Nd1 f5 26. Rce2 b4 27. axb4 Nxb4 28. exf5 Nxd5 29. fxg6 Nf4 30. gxh7+ Kh8 31. Rd2 d5 32. Nc3 Rab8 33. Nf5 Bxc3 34. bxc3 Rxb1 35. Rxb1 Rxf5 36. Rb8+ Kxh7 37. Qb1 Kg6 38. Rg8+ Kf6 39. Qb8 Ne6 40. Qe8 Qd6 41. Rg6+ Ke5 42. Rxe6+ 1-0

[Event "8. Autunno Veneziano Magistrale"]
[Site "Venezia"]
[Date "2001.11.01"]
[Round "1.11"]
[White "Pesco, Giuseppe"]
[Black "Danieli, Enrico"]
[Result "1/2-1/2"]
[WhiteElo "1940"]
[BlackElo "2050"]
[PlyCount "100"]
[EventDate "2001.11.01"]
[EventType "swiss"]
[EventRounds "6"]
[EventCountry "ITA"]
[SourceTitle "Inf 22"]

1. Nf3 Nf6 2. c4 e6 3. g3 c5 4. Bg2 Be7 5. O-O O-O 6. Nc3 d6 7. d4 cxd4 8. Nxd4 a6 9. b3 Qc7 10. Bb2 Bd7 11. Qd3 Nc6 12. Rfd1 Rad8 13. e4 Nxd4 14. Qxd4 Bc6 15. h3 b6 16. Rd2 Rd7 17. Rad1 Rfd8 18. Kh2 h5 19. Qe3 h4 20. Ne2 hxg3+ 21. Nxg3 Nh7 22. Rd3 Bf6 23. Bxf6 Nxf6 24. Qg5 Qb7 25. f3 b5 26. cxb5 Bxb5 27. R3d2 d5 28. e5 Nh7 29. Qg4 Qc7 30. f4 Kh8 31. Rd4 a5 32. Nh5 Rg8 33. R1d2 Rdd8 34. Qh4 Rc8 35. Qg3 Qc3 36. Qg4 Qe3 37. Qg3 Qxg3+ 38. Nxg3 g6 39. Bf1 Bxf1 40. Nxf1 Rc1 41. Ne3 Rgc8 42. Ra4 R8c5 43. Kg2 Nf8 44. b4 axb4 45. Rxb4 Kg7 46. Rb8 R1c3 47. Ng4 Ra3 48. Nf6 Rcc3 49. Ne8+ Kh6 50. Nf6 Kg7 1/2-1/2

[Event "8. Autunno Veneziano Magistrale"]
[Site "Venezia"]
[Date "2001.11.01"]
[Round "1.12"]
[White "Ramesa, Davor"]
[Black "Galiazzo, Giuliano"]
[Result "1/2-1/2"]
[WhiteElo "2125"]
[BlackElo "1920"]
[PlyCount "89"]
[EventDate "2001.11.01"]
[EventType "swiss"]
[EventRounds "6"]
[EventCountry "ITA"]
[SourceTitle "Inf 22"]

1. c4 e5 2. Nc3 d6 3. g3 f5 4. Bg2 Nf6 5. d3 c6 6. Nf3 Be7 7. O-O O-O 8. Rb1 Na6 9. b4 Nc7 10. Ba3 Rb8 11. b5 c5 12. b6 axb6 13. Rxb6 Na6 14. Rb3 Qa5 15. Bc1 Bd7 16. Bd2 Bc6 17. Nd5 Qd8 18. Ng5 Re8 19. Ra3 Nxd5 20. Ne6 Qc8 21. cxd5 Bd7 22. Qb3 b5 23. Rxa6 Qxa6 24. Nc7 Qc8 25. Nxe8 Qxe8 26. f4 Bf6 27. e4 Qc8 28. fxe5 Bxe5 29. Bc3 Bxc3 30. Qxc3 b4 31. Qd2 fxe4 32. Bxe4 Bh3 33. Bg2 Bxg2 34. Kxg2 Qd7 35. Qf4 Qe7 36. Rf2 Rf8 37. Qxf8+ Qxf8 38. Rxf8+ Kxf8 39. Kf3 Kf7 40. Kf4 Kf6 41. h4 g6 42. g4 h6 43. Ke4 Ke7 44. h5 Kf6 45. Kf4 1/2-1/2

[Event "8. Autunno Veneziano Magistrale"]
[Site "Venezia"]
[Date "2001.11.01"]
[Round "1.13"]
[White "Pietrobon, Fabio"]
[Black "Bianchi, Andrea"]
[Result "1/2-1/2"]
[WhiteElo "1920"]
[BlackElo "2110"]
[PlyCount "48"]
[EventDate "2001.11.01"]
[EventType "swiss"]
[EventRounds "6"]
[EventCountry "ITA"]
[SourceTitle "Inf 22"]

1. d4 d5 2. Nf3 e6 3. Bf4 Bd6 4. Bg3 Bxg3 5. hxg3 Nd7 6. e3 Qe7 7. c4 dxc4 8. a4 Ngf6 9. Nbd2 Qb4 10. Qc2 c5 11. Bxc4 a6 12. O-O cxd4 13. Nxd4 Ne5 14. Be2 Bd7 15. Rfc1 O-O 16. N2f3 Rac8 17. Qb3 Nc6 18. Qxb4 Nxb4 19. b3 Rxc1+ 20. Rxc1 Rc8 21. Rxc8+ Bxc8 22. Ne5 Kf8 23. Nc4 Ke7 24. Kf1 Bd7 1/2-1/2

[Event "8. Autunno Veneziano Magistrale"]
[Site "Venezia"]
[Date "2001.11.01"]
[Round "1.14"]
[White "Opacic, Alexandar"]
[Black "Viola, Matteo"]
[Result "1/2-1/2"]
[WhiteElo "2110"]
[BlackElo "1915"]
[PlyCount "116"]
[EventDate "2001.11.01"]
[EventType "swiss"]
[EventRounds "6"]
[EventCountry "ITA"]
[SourceTitle "Inf 22"]

1. e4 e5 2. Nf3 Nc6 3. Bb5 a6 4. Ba4 Nf6 5. O-O Be7 6. Re1 b5 7. Bb3 O-O 8. d3 d5 9. c3 Bg4 10. h3 Bxf3 11. Qxf3 dxe4 12. dxe4 Na5 13. Bc2 c5 14. Nd2 Re8 15. Rd1 Qb6 16. Nf1 Rad8 17. Ng3 Rxd1+ 18. Qxd1 Nc4 19. Qe2 Rd8 20. a4 Bf8 21. b3 Nd6 22. Bg5 Nde8 23. Nf5 b4 24. c4 a5 25. Ne3 Be7 26. Nf5 Bf8 27. Rf1 Qe6 28. Ne3 h6 29. Bh4 g5 30. Bg3 h5 31. Nd5 h4 32. Bh2 Ng7 33. Qe3 Nh7 34. Bd1 Bd6 35. Bg4 Qg6 36. Bxe5 Re8 37. Bxd6 Qxd6 38. f4 f5 39. e5 gxf4 40. exd6 fxe3 41. Bf3 e2 42. Re1 Rd8 43. Rxe2 Rxd6 44. Ne7+ Kf8 45. Nc6 Ne6 46. Nxa5 Nd4 47. Re5 Ng5 48. Rxc5 Ngxf3+ 49. gxf3 Rg6+ 50. Kf2 Rg3 51. Kf1 Rxf3+ 52. Ke1 Nxb3 53. Nxb3 Rxb3 54. Rxf5+ Ke7 55. Rb5 Rxh3 56. Rxb4 Kd6 57. Rb5 Rc3 58. Rh5 Rxc4 1/2-1/2

[Event "8. Autunno Veneziano Magistrale"]
[Site "Venezia"]
[Date "2001.11.01"]
[Round "1.15"]
[White "Lain, Luigi"]
[Black "Cristiani, Cesare"]
[Result "1-0"]
[WhiteElo "1905"]
[BlackElo "2100"]
[PlyCount "95"]
[EventDate "2001.11.01"]
[EventType "swiss"]
[EventRounds "6"]
[EventCountry "ITA"]
[SourceTitle "Inf 22"]

1. d4 Nf6 2. c4 c5 3. d5 e6 4. Nc3 exd5 5. cxd5 d6 6. e4 g6 7. Bg5 Bg7 8. Be2 O-O 9. Nf3 a6 10. a4 Re8 11. Qc2 Nbd7 12. O-O Nf8 13. Rfe1 h6 14. Bh4 g5 15. Bg3 Nh5 16. Bd3 Ng6 17. Ne2 Bg4 18. Nd2 Bxe2 19. Bxe2 Nhf4 20. Rab1 Rc8 21. Bg4 Rc7 22. Be2 c4 23. Bxf4 gxf4 24. Nf3 b5 25. axb5 axb5 26. b3 Ne5 27. Nxe5 Bxe5 28. bxc4 f3 29. Bxf3 Rxc4 30. Qb3 Qg5 31. Qxb5 Rec8 32. Qd7 Qd2 33. Bh5 Kh8 34. g3 R4c7 35. Qf5 Kg7 36. Rf1 Ra8 37. Rb3 Raa7 38. Rb8 Ra2 39. h4 Bd4 40. Re8 Rb2 41. Qg4+ Kf6 42. Qg8 Qxf2+ 43. Rxf2+ Bxf2+ 44. Kg2 Bxg3+ 45. Kxg3 Rc3+ 46. Bf3 Rxf3+ 47. Kxf3 Rb3+ 48. Kf4 1-0

[Event "8. Autunno Veneziano Magistrale"]
[Site "Venezia"]
[Date "2001.11.01"]
[Round "1.16"]
[White "Tomba, Ivan"]
[Black "Ronchetti, Niccolo"]
[Result "0-1"]
[WhiteElo "2105"]
[BlackElo "1810"]
[PlyCount "74"]
[EventDate "2001.11.01"]
[EventType "swiss"]
[EventRounds "6"]
[EventCountry "ITA"]
[SourceTitle "Inf 22"]

1. e4 c5 2. Nf3 Nc6 3. d4 cxd4 4. Nxd4 Nf6 5. Nc3 e5 6. Ndb5 d6 7. Nd5 Nxd5 8. exd5 Ne7 9. c3 Ng6 10. a4 f5 11. Be2 Be7 12. Be3 a6 13. Na3 f4 14. Bc1 Bf5 15. Bg4 Qc8 16. Bxf5 Qxf5 17. Qc2 e4 18. Nc4 O-O 19. O-O Rae8 20. f3 e3 21. Qxf5 Rxf5 22. g3 Rxd5 23. Re1 Rc5 24. Na3 Ne5 25. Kg2 Nd3 26. Re2 d5 27. Nc2 Bf6 28. Kf1 g5 29. Ne1 Nxe1 30. Kxe1 Rxc3 31. bxc3 Bxc3+ 32. Kd1 Bxa1 33. gxf4 gxf4 34. Bb2 Bxb2 35. Rxb2 d4 36. Ke2 Re7 37. Rb4 d3+ 0-1

[Event "8. Autunno Veneziano Magistrale"]
[Site "Venezia"]
[Date "2001.11.02"]
[Round "2.1"]
[White "Solinas, Carlo"]
[Black "Klovans, Janis"]
[Result "1-0"]
[WhiteElo "2035"]
[BlackElo "2420"]
[PlyCount "95"]
[EventDate "2001.11.01"]
[EventType "swiss"]
[EventRounds "6"]
[EventCountry "ITA"]
[SourceTitle "Inf 22"]

1. e4 c5 2. d4 cxd4 3. c3 dxc3 4. Nxc3 Nc6 5. Nf3 d6 6. Bc4 e6 7. O-O Nf6 8. Qe2 a6 9. Rd1 Bd7 10. Bf4 Na5 11. e5 Nxc4 12. exf6 Rc8 13. Rd4 b5 14. b3 Na3 15. Ne4 Nc2 16. fxg7 Bxg7 17. Nxd6+ Kf8 18. Rdd1 Nxa1 19. Ng5 Rc2 20. Qf3 Bc6 21. Nf5 Bd5 22. Qh5 Qf6 23. Bd6+ Ke8 24. Nxg7+ Qxg7 25. Be5 Qg6 26. Qxg6 hxg6 27. Bxh8 Rxa2 28. Rxa1 Rxa1+ 29. Bxa1 Bxb3 30. Ne4 Ke7 31. Bc3 Bc4 32. Nc5 Kd6 33. Nxa6 Kd5 34. Nb4+ Kc5 35. Nc2 Bd3 36. Ne1 Kc4 37. Be5 Bf5 38. f3 b4 39. Kf2 Kb3 40. Ke3 Ka2 41. g4 Bb1 42. h4 b3 43. Nd3 f5 44. g5 Bxd3 45. Kxd3 b2 46. Bxb2 Kxb2 47. h5 gxh5 48. g6 1-0

[Event "8. Autunno Veneziano Magistrale"]
[Site "Venezia"]
[Date "2001.11.02"]
[Round "2.2"]
[White "Mufic, Goran"]
[Black "Vianello, Enrico"]
[Result "1-0"]
[WhiteElo "2378"]
[BlackElo "2140"]
[PlyCount "79"]
[EventDate "2001.11.01"]
[EventType "swiss"]
[EventRounds "6"]
[EventCountry "ITA"]

1. d4 d5 2. Nf3 Nf6 3. Bf4 e6 4. e3 Bd6 5. Bg3 O-O 6. Nbd2 Qe7 7. Bd3 Nbd7 8. Ne5 c6 9. f4 Ne8 10. O-O f5 11. Qh5 Ndf6 12. Qh3 c5 13. c3 Qc7 14. Bh4 b6 15. Be2 g6 16. Bg5 a5 17. Bh6 Ng7 18. g4 Ba6 19. Bxa6 Rxa6 20. gxf5 exf5 21. Ndf3 Re8 22. Ng5 Re7 23. Qg2 Qb7 24. Rf3 Ra8 25. Rh3 Ne4 26. Kh1 Nxg5 27. Bxg5 Rc7 28. Rg1 Ne6 29. Bf6 Nf8 30. Qg5 Qc8 31. Rh6 Bxe5 32. fxe5 Qe8 33. Qxf5 Qe6 34. Qxe6+ Nxe6 35. Rgxg6+ hxg6 36. Rh8+ Kf7 37. Rxa8 Nf8 38. Rd8 Nd7 39. Bh4 Ke6 40. Re8+ 1-0

[Event "8. Autunno Veneziano Magistrale"]
[Site "Venezia"]
[Date "2001.11.02"]
[Round "2.3"]
[White "Doric, Darko"]
[Black "Artizzu, Giulio"]
[Result "1/2-1/2"]
[WhiteElo "2250"]
[BlackElo "2105"]
[PlyCount "50"]
[EventDate "2001.11.01"]
[EventType "swiss"]
[EventRounds "6"]
[EventCountry "ITA"]
[SourceTitle "Inf 22"]

1. d4 Nf6 2. Bg5 Ne4 3. Bf4 c5 4. f3 Qa5+ 5. c3 Nf6 6. Nd2 cxd4 7. Nb3 Qb6 8. Qxd4 Qxd4 9. cxd4 Nc6 10. Rc1 e6 11. e4 Bb4+ 12. Kf2 O-O 13. a3 Be7 14. Bb5 a6 15. Bd3 d6 16. Ne2 d5 17. e5 Nd7 18. Be3 f6 19. exf6 Nxf6 20. Bf4 g5 21. Bg3 e5 22. Rhd1 e4 23. fxe4 Nxe4+ 24. Kg1 Nxg3 25. Nxg3 Bf6 1/2-1/2

[Event "8. Autunno Veneziano Magistrale"]
[Site "Venezia"]
[Date "2001.11.02"]
[Round "2.4"]
[White "Gallo, Enrico"]
[Black "Lain, Luigi"]
[Result "1/2-1/2"]
[WhiteElo "2160"]
[BlackElo "1905"]
[PlyCount "92"]
[EventDate "2001.11.01"]
[EventType "swiss"]
[EventRounds "6"]
[EventCountry "ITA"]
[SourceTitle "Inf 22"]

1. e4 e5 2. Nf3 Nc6 3. Bb5 a6 4. Ba4 Nf6 5. O-O b5 6. Bb3 Be7 7. Re1 d6 8. c3 Na5 9. Bc2 c5 10. a4 Bg4 11. d3 O-O 12. Nbd2 Nc6 13. axb5 axb5 14. Rxa8 Qxa8 15. h3 Bh5 16. Nf1 b4 17. Ng3 Bxf3 18. Qxf3 Qa5 19. Bd2 bxc3 20. Bxc3 Qa7 21. Nf5 Rb8 22. Qd1 Bf8 23. Bb3 g6 24. Ne3 Nb4 25. Bc4 Bh6 26. Ng4 Nxg4 27. Qxg4 Nc2 28. Rf1 Nb4 29. h4 Rd8 30. h5 Qd7 31. Qg3 Bf4 32. Qf3 Nc2 33. g3 Qh3 34. Rc1 Nd4 35. Bxd4 cxd4 36. hxg6 hxg6 37. Bd5 Rb8 38. Rc2 Kg7 39. Qg2 Qxg2+ 40. Kxg2 Bg5 41. b3 f5 42. Rc7+ Kh6 43. f3 fxe4 44. fxe4 Bd2 45. Kf3 Kg5 46. Rd7 Bb4 1/2-1/2

[Event "8. Autunno Veneziano Magistrale"]
[Site "Venezia"]
[Date "2001.11.02"]
[Round "2.5"]
[White "Ronchetti, Niccolo"]
[Black "Genocchio, Daniele"]
[Result "0-1"]
[WhiteElo "1810"]
[BlackElo "2325"]
[PlyCount "160"]
[EventDate "2001.11.01"]
[EventType "swiss"]
[EventRounds "6"]
[EventCountry "ITA"]
[SourceTitle "Inf 22"]

1. e4 g6 2. d4 Bg7 3. Bc4 c6 4. Nc3 d6 5. a4 Nf6 6. f3 O-O 7. Be3 d5 8. Bb3 dxe4 9. Nxe4 Nxe4 10. fxe4 e5 11. Nf3 exd4 12. Bxd4 Qe7 13. Qe2 Bxd4 14. Nxd4 Qh4+ 15. g3 Qg5 16. O-O Kg7 17. e5 Bg4 18. Qe4 Nd7 19. Rae1 Nc5 20. Qf4 Qxf4 21. Rxf4 Bd7 22. Bc4 Rae8 23. Ref1 Re7 24. a5 Ne6 25. Nxe6+ Bxe6 26. Bxe6 Rxe6 27. Rb4 Re7 28. Rd1 Rc8 29. Kf2 Rcc7 30. Re4 Re6 31. Rd3 Rce7 32. Rde3 Rd7 33. Ke2 Rd5 34. b4 Rb5 35. h3 Kf8 36. Kd3 Rd5+ 37. Ke2 Rb5 38. Kd3 Ke7 39. Kc4 Rd5 40. Kc3 Kf8 41. Re1 Rd7 42. Rd4 Rde7 43. Rde4 Re8 44. Kd4 Rd8+ 45. Ke3 f5 46. Rd4 Rxe5+ 47. Kf4 Rxd4+ 48. Kxe5 Rxb4 49. Kf6 Re4 50. Rd1 Ke8 51. h4 f4 52. gxf4 Rxf4+ 53. Ke6 Rxh4 54. Rb1 Re4+ 55. Kd6 Re7 56. a6 bxa6 57. Kxc6 g5 58. Rg1 Re6+ 59. Kb7 Re5 60. c4 Rc5 61. Kxa6 h6 62. Rh1 Rxc4 63. Rxh6 Kf7 64. Kb5 Rc1 65. Ra6 g4 66. Rxa7+ Kf6 67. Ra8 g3 68. Rg8 Rg1 69. Kc4 g2 70. Kd3 Rd1+ 71. Ke4 g1=Q 72. Rxg1 Rxg1 73. Kd4 Kf5 74. Kd5 Rd1+ 75. Kc4 Ke5 76. Kc3 Ke4 77. Kc2 Rd3 78. Kc1 Kd4 79. Kc2 Kc4 80. Kb2 Rd2+ 0-1

[Event "8. Autunno Veneziano Magistrale"]
[Site "Venezia"]
[Date "2001.11.02"]
[Round "2.6"]
[White "Del Monaco, Andrea"]
[Black "Pesco, Giuseppe"]
[Result "1-0"]
[WhiteElo "2175"]
[BlackElo "1940"]
[PlyCount "65"]
[EventDate "2001.11.01"]
[EventType "swiss"]
[EventRounds "6"]
[EventCountry "ITA"]
[SourceTitle "Inf 22"]

1. e4 d6 2. d4 Nf6 3. Nc3 g6 4. Be3 c6 5. f3 Nbd7 6. Qd2 b5 7. O-O-O b4 8. Nce2 Qa5 9. Kb1 Ba6 10. h4 h6 11. Nh3 e5 12. g4 O-O-O 13. Nc1 Bxf1 14. Rhxf1 Bg7 15. a3 c5 16. axb4 cxb4 17. Nb3 Qb5 18. c4 bxc3 19. Qxc3+ Kb8 20. Na5 Rc8 21. Qa3 Bf8 22. d5 Nb6 23. Rc1 Be7 24. Bxb6 axb6 25. Nc6+ Rxc6 26. dxc6 Rc8 27. Rfd1 Ne8 28. Rd5 Qe2 29. Ng1 Qf2 30. Ra5 Nc7 31. Ra7 Rf8 32. Rb7+ Kc8 33. Rxc7+ 1-0